Principles of Pediatric Nursing : (Record no. 16554)
[ view plain ]
| 000 -LEADER | |
|---|---|
| fixed length control field | 01522nam a22003018a 4500 |
| 001 - CONTROL NUMBER | |
| control field | 015777387 |
| 003 - CONTROL NUMBER IDENTIFIER | |
| control field | Uk |
| 005 - DATE AND TIME OF LATEST TRANSACTION | |
| control field | 20110402174000.0 |
| 008 - FIXED-LENGTH DATA ELEMENTS--GENERAL INFORMATION | |
| fixed length control field | 110315s2011 nju 000 0 eng|d |
| 020 ## - INTERNATIONAL STANDARD BOOK NUMBER | |
| International Standard Book Number | 013257313X (pbk.) |
| 020 ## - INTERNATIONAL STANDARD BOOK NUMBER | |
| International Standard Book Number | 9780132573139 (pbk.) |
| 082 04 - DEWEY DECIMAL CLASSIFICATION NUMBER | |
| Classification number | 618.9200231 |
| Edition number | 22 |
| Item number | PRI |
| 245 00 - TITLE STATEMENT | |
| Title | Principles of Pediatric Nursing : |
| Remainder of title | Caring for Children. |
| 250 ## - EDITION STATEMENT | |
| Edition statement | 5th ed. / |
| Remainder of edition statement | edited by Jane W. Ball, Ruth C. Bindler, Kay J. Cowen. |
| 260 ## - PUBLICATION, DISTRIBUTION, ETC. (IMPRINT) | |
| Place of publication, distribution, etc | Upper Saddle River, N.J. ; |
| -- | Harlow : |
| Name of publisher, distributor, etc | Pearson Education, |
| Date of publication, distribution, etc | 2011. |
| 300 ## - PHYSICAL DESCRIPTION | |
| Extent | xxxi, 1164 p. : |
| Other physical details | ill. ; |
| Dimensions | 29 cm. |
| 500 ## - GENERAL NOTE | |
| General note | Previous ed.: published as Pediatric nursing. 2007. |
| 504 ## - BIBLIOGRAPHY, ETC. NOTE | |
| Linkage | Includes bibliographical references and index. |
| 650 #0 - SUBJECT ADDED ENTRY--TOPICAL TERM | |
| Topical term or geographic name as entry element | Pediatric nursing. |
| 9 (RLIN) | 29255 |
| 653 ## - INDEX TERM--UNCONTROLLED | |
| Resource For college | |
| Arrived date list | March2012 |
| 700 1# - ADDED ENTRY--PERSONAL NAME | |
| Personal name | Ball, Jane |
| Fuller form of name | (Jane W.) |
| 9 (RLIN) | 29256 |
| 700 1# - ADDED ENTRY--PERSONAL NAME | |
| Personal name | Bindler, Ruth McGillis. |
| 9 (RLIN) | 29257 |
| 700 1# - ADDED ENTRY--PERSONAL NAME | |
| Personal name | Cowen, Kay J. |
| 9 (RLIN) | 29258 |
| 942 ## - ADDED ENTRY ELEMENTS (KOHA) | |
| Source of classification or shelving scheme | Dewey Decimal Classification |
| Item type | |
| Withdrawn status | Item status | Source of classification or shelving scheme | Damaged status | Not for loan | Vendor | Home library | Current library | Shelving location | Date acquired | Source of acquisition | Cost, normal purchase price | Serial Enumeration / chronology | Total Checkouts | Full call number | Barcode | Date last seen | Date last borrowed | Koha item type | Total Renewals |
|---|---|---|---|---|---|---|---|---|---|---|---|---|---|---|---|---|---|---|---|
| Dewey Decimal Classification | Baccah | Central Library | Central Library | First floor | 07/03/2012 | 264.00 | 14487 | 8 | 618.9200231 PRI | 000026352 | 15/07/2025 | 23/05/2013 | NB - Book (Non borrowing) | ||||||
| Dewey Decimal Classification | Baccah | Central Library | Central Library | First floor | 07/03/2012 | 264.00 | 14487 | 10 | 618.9200231 PRI | 000026353 | 15/07/2025 | 23/09/2021 | Book - Borrowing | 56 | |||||
| Dewey Decimal Classification | Baccah | Central Library | Central Library | First floor | 07/03/2012 | 264.00 | 14487 | 10 | 618.9200231 PRI | 000026354 | 15/07/2025 | 04/02/2018 | Book - Borrowing | 40 |